All 50k+ Cities in Croatia with a Map - Statistics

General Stats
  • This quiz has been taken 3,598 times
  • The average score is 6 of 8
Answers on the Map
Answers color-coded by a green-red scale on the quiz's map according to % correct below.
 
Answer Stats
Population City % Correct
688,163 Zagreb
100%
167,121 Split
96%
128,384 Rijeka
87%
71,471 Zadar
84%
57,460 Pula
80%
84,104 Osijek
76%
53,531 Slavonski Brod
59%
54,085 Sesvete
32%
No matching quizzes found
Score Distribution
Percent of People with Each Score
Percentile by Number Answered
Your Score History
You have not taken this quiz